000 01114nam a22002057a 4500
003 BUBTL
008 230108b ||||| |||| 00| 0 eng d
020 _a9789848143162
082 _a891.44/ M3151s/ 2020
100 _95148
_aমান্নান, মোহাম্মদ আবদুল
245 _aসৈয়দ শামসুল হকের উপন্যাস : মুক্তিযুদ্ধ ও প্রেম /
_cমোহাম্মদ আবদুল মান্নান
250 _a1st Edn
260 _aঢাকা:
_bপালক পাবলিশার্স,
_cc2020
300 _a189 p.:
_c22 cm
505 _aসৈয়দ শামসুল হকের উপন্যাস : মুক্তিযুদ্ধ ও প্রেম, সৈয়দ শামসুল হক, মুক্তিযুদ্ধ, মোহাম্মদ আবদুল মান্নান, বাংলা সাহিত্য
650 0 _91687
_aবাংলা সাহিত্য
856 _k0
_l0
_yDownload
942 _2ddc
_cBK
999 _c6905
_d6905